| 000 | 00916nas a2200301 4500 | ||
|---|---|---|---|
| 001 | BR2019001356 | ||
| 003 | BR-BrBNA | ||
| 005 | 20231205131913.0 | ||
| 007 | ta | ||
| 008 | 230509b bl.|||p| |||| 00| 00por d | ||
| 040 |
_aBR-BrBNA _bpor _cBiblioteca Nacional de Agricultura |
||
| 041 | _a(En) | ||
| 072 | _aL01; L50 | ||
| 100 | 1 | _aSouza, E.J.O. de | |
| 100 | 1 | _aValadares Filho, S.C. | |
| 100 | 1 | _aTorres, T.R. | |
| 100 | 1 | _aSilva, D.C. da | |
| 100 | 1 | _aSilva, J.R.C. da | |
| 245 | 1 | _aPredicting body and carcase composition in Nellore heifers and their cross-breeds | |
| 650 | _aGADO NELORE | ||
| 650 | _aCRIAÇÃO | ||
| 650 | _aCARCAÇA | ||
| 650 | _aANÁLISE QUÍMICA | ||
| 650 | _aPRODUÇÃO ANIMAL | ||
| 773 | 0 |
_tRevista Ciência Agronômica (Brazil) _xISSN 0045-6888 _g(Jan-Mar 2019), v. 50(1) p. 148-158 _wBR2019001356 |
|
| 909 |
_a202311 _bLúcia _c55 _dLúcia Elande |
||
| 942 |
_2AGRIS _n0 _cANA |
||
| 999 |
_c257382 _d257382 |
||